Memoria

সংরক্ষণ করুন:
গ্রন্থ-পঞ্জীর বিবরন
সংস্থা লেখক: Universidad Nacional. Escuela de Relaciones Internacionales
বিন্যাস: পাঠ‍্য
প্রকাশিত: Heredia: UNA
ট্যাগগুলো: ট্যাগ যুক্ত করুন
কোনো ট্যাগ নেই, প্রথমজন হিসাবে ট্যাগ করুন!

MARC

LEADER 00000 a a2200000 04500
001 22517
003
040 |a CRAI/IIS  |c CRAI/IIS 
090 |a 153300  
110 |a Universidad Nacional. Escuela de Relaciones Internacionales  
245 |a Memoria  
260 |a Heredia:   |b UNA  
300 |a 255 p.  
999 |c 3996  |d 3996